Statistical Methods (Record no. 5058)

MARC details
000 -LEADER
fixed length control field 00341nam a2200145Ia 4500
008 - FIXED-LENGTH DATA ELEMENTS--GENERAL INFORMATION
fixed length control field 191201s2011 xx 000 0 und d
082 ## - DEWEY DECIMAL CLASSIFICATION NUMBER
Classification number 519.5
Item number GUS
100 ## - MAIN ENTRY--PERSONAL NAME
Personal name GUPTA, S.P
245 #0 - TITLE STATEMENT
Title Statistical Methods
250 ## - EDITION STATEMENT
Edition statement REV.41st
260 ## - PUBLICATION, DISTRIBUTION, ETC. (IMPRINT)
Place of publication, distribution, etc New Delhi
Name of publisher, distributor, etc Sultan Chand
Date of publication, distribution, etc 2011
300 ## - PHYSICAL DESCRIPTION
Extent 1425
650 ## - SUBJECT ADDED ENTRY--TOPICAL TERM
Topical term or geographic name as entry element M.Tech (ECE)
942 ## - ADDED ENTRY ELEMENTS (KOHA)
Source of classification or shelving scheme Dewey Decimal Classification
Koha item type Text Books
Holdings
Withdrawn status Lost status Source of classification or shelving scheme Damaged status Not for loan Collection code Home library Current library Date acquired Source of acquisition Cost, normal purchase price Bill Number Total Checkouts Full call number Acc. no. / Barcode Date last seen Bill Date Koha item type
    Dewey Decimal Classification     Applied Sc. PIET C-LIBRARY PIET C-LIBRARY 22/10/2011 Valley Book House 460.00 202   519.5 GUS 18469 04/12/2019 20/11/2011 Text Books
    Dewey Decimal Classification     Applied Sc. PIET C-LIBRARY PIET C-LIBRARY 22/10/2011 Valley Book House 460.00 202   519.5 GUS 18470 04/12/2019 20/11/2011 Text Books
    Dewey Decimal Classification     Applied Sc. PIET C-LIBRARY PIET C-LIBRARY 22/10/2011 Valley Book House 460.00 202   519.5 GUS 18471 04/12/2019 20/11/2011 Text Books
    Dewey Decimal Classification     Applied Sc. PIET C-LIBRARY PIET C-LIBRARY 22/10/2011 Valley Book House 460.00 202   519.5 GUS 18472 04/12/2019 20/11/2011 Text Books
    Dewey Decimal Classification     Applied Sc. PIET C-LIBRARY PIET C-LIBRARY 22/10/2011 Valley Book House 460.00 202   519.5 GUS 18473 04/12/2019 20/11/2011 Text Books

Design & Developed by: PIET Central Library
R70 Miles Stone Pattikalyana Samalkha Panipat 132102
mail ID :- [email protected], Phone No:- 0180-2569700 Ex.216